00621nas a2200205 4500001001000000003000900010005001700019007000300036008003400039040005400073041000900127072000800136100001900144245010100163650002000264650002800284650000900312650001000321773008400331BR0403036BR-BrBNA20231205104644.0ta230509b bl.|||p| |||| 00| 00por d aBR-BrBNAbporcBiblioteca Nacional de Agricultura a(Pt) aE131 aLins, M.A.D.T.1 aHá dinheiro disponível; na linha de investimentos, boa parte dos recursos não é aplicada aCRÉDITO RURAL aPOLÍTICA DE CRÉDITO aTAXA aCUSTO0 tAgroanalysis (Brazil)xISSN 0100-4298g(Mar 2004), v. 24(3) p. 42-43wBR0403036